Catalunya : Catàleg d'exportadors = Catálogo de exportadores = Exporters' directory : 1982-1983 Catàleg d'exportadors = Catálogo de exportadores = Exporters' directory :
Publicado:
Barcelona :
Generalitat de Catalunya. Departament de Comerç i Turisme. Direcció General de Promoció comercial, dl 1983
Descripción Física:
656 p. : il., col. ; 30 cm
MARC
| LEADER | 00000nam a2200000Ia 4500 | ||
|---|---|---|---|
| 001 | 1319 | ||
| 008 | 160829s9999 xx 000 0 cat d | ||
| 080 | |a M-1-40 | ||
| 245 | |a Catalunya : |b Catàleg d'exportadors = Catálogo de exportadores = Exporters' directory : |b 1982-1983 | ||
| 260 | |a Barcelona : |b Generalitat de Catalunya. Departament de Comerç i Turisme. Direcció General de Promoció comercial, dl 1983 | ||
| 300 | |a 656 p. : |b il., col. ; |c 30 cm | ||
| 650 | |a Catalunya |x Comerç |x Directoris |9 20754 | ||
| 650 | |a Empreses exportadores |x Catalunya |x Directoris |9 20755 | ||
| 901 | |a Arxiu | ||
| 942 | |n 1 | ||
| 952 | |0 0 |1 0 |4 0 |6 M140 |7 1 |9 41652 |a Arxiu |b Arxiu |d 2016-12-01 |l 0 |o M-1-40 |p 1319 |r 2016-12-01 00:00:00 |w 2016-12-01 |y ARXIU | ||
| 999 | |c 43542 |d 43542 | ||